000 01053nam a22003137a 4500
003 CHAP
005 20220329135046.0
008 971013s1971 r 00010 d
010 _a30259
011 _a31231
035 _a35343
040 _cCHAP
082 _a664.92
_bC6Y
100 0 0 _aCoretti, Kornel.
_927992
245 _aEmbutidos
_b: elaboración y defectos
260 _aZaragoza :
_bAcribia,
_c1971
300 _a136 p.
_b: láms.
490 _aCiencias y tecnología de la carne
_v; teoría y práctica; 5
590 _aBATCH-UPD
_b10
_c20130110
_lUCH01
_h1811
590 _aBATCH-UPD
_b10
_c20130410
_lUCH01
_h1146
590 _aBATCH-UPD
_b10
_c20130914
_lUCH01
_h1258
590 _aCONVERSION
_b10
_c20130109
_lUCH01
_h1317
650 1 4 _aEmbutidos.
_936500
830 0 _aCiencias y tecnología de la carne
_v; teoría y práctica; 5
_923238
901 _aBK
942 _cLIBRO
949 _a664.92 C6Y
_bBC
_cLIBRO
_d33724000131561
_eLIBRO
_fc.4
_h50610
_i35343
_si
949 _a664.92 C6Y
_bBC
_cLIBRO
_d33724000137329
_eLIBRO
_fc.3
_h36819
_i35343
_si
999 _c30259
_d30259